[Event "34. Kieler Open 2022"]
[Site "Kiel"]
[Date "2022.08.03"]
[Round "7.25"]
[White "Burbach, Brunel Baron"]
[Black "Dittmann, Hans-Adolf"]
[Result "1-0"]
[WhiteElo "1820"]
[BlackElo "2063"]
[PlyCount "121"]
[EventDate "2022.??.??"]

1. e4 c5 2. Nf3 Nc6 3. c3 Nf6 4. e5 Nd5 5. d4 cxd4 6. cxd4 e6 7. Nc3 Nxc3 8.
bxc3 d6 9. exd6 Bxd6 10. Bd3 h6 11. O-O Qf6 12. Qe2 g6 13. Bb2 O-O 14. c4 Qf4
15. g3 Qg4 16. Kg2 e5 17. dxe5 Re8 18. Qc2 Qh5 19. h4 Nxe5 20. Nxe5 Bxe5 21.
Rae1 Bd7 22. Be4 Bc6 23. Bxc6 bxc6 24. Bxe5 Rxe5 25. Re4 Rae8 26. Rfe1 Qf5 27.
Rxe5 Qxc2 28. Rxe8+ Kg7 29. R8e7 a5 30. Ra7 a4 31. c5 Qxa2 32. Re3 Qc4 33. Ree7
Kf6 34. Re3 Qxc5 35. Rxa4 Qd5+ 36. Kh2 g5 37. hxg5+ hxg5 38. Ra6 Qc4 39. Raa3
g4 40. Rac3 Qd5 41. Rc2 Kg6 42. Rec3 f6 43. Rxc6 Qd3 44. R2c4 Kg5 45. Rf4 f5
46. Rc5 Qb1 47. Rcxf5+ Qxf5 48. Rxf5+ Kxf5 49. Kg1 Ke4 50. Kg2 Kf5 51. Kf1 Ke5
52. Ke1 Kd4 53. Kd2 Ke4 54. Ke2 Kf5 55. Kd3 Ke5 56. Ke3 Kf5 57. Kd4 Kf6 58. Ke4
Kg5 59. Ke5 Kg6 60. Kf4 Kh5 61. Kf5 1-0

[Event "34. Kieler Open 2022"]
[Site "Kiel"]
[Date "2022.08.03"]
[Round "7.27"]
[White "Helms, Finn"]
[Black "Langfeldt, Lars"]
[Result "1/2-1/2"]
[WhiteElo "1973"]
[BlackElo "1844"]
[PlyCount "99"]
[EventDate "2022.??.??"]

1. e4 c5 2. Nf3 d6 3. d4 cxd4 4. Nxd4 Nf6 5. Nc3 a6 6. f3 e5 7. Nb3 Be7 8. Be3
Be6 9. Qd2 h5 10. Nd5 Nxd5 11. exd5 Bf5 12. Bd3 Bxd3 13. Qxd3 Bg5 14. O-O-O Nd7
15. Kb1 Bxe3 16. Qxe3 a5 17. Rhe1 O-O 18. g4 hxg4 19. fxg4 a4 20. Nd2 Nc5 21.
h4 a3 22. b3 Qc7 23. h5 Rfc8 24. h6 b5 25. hxg7 Ne4 26. c4 Nxd2+ 27. Rxd2 f6
28. Rh2 Qxg7 29. Reh1 bxc4 30. Rh8+ Qxh8 31. Rxh8+ Kxh8 32. Qh6+ Kg8 33. Qg6+
Kh8 34. Qxf6+ Kg8 35. Qg6+ Kh8 36. b4 Rf8 37. Qxd6 Rf1+ 38. Kc2 Raf8 39. Qxe5+
Kg8 40. Qe6+ Kg7 41. d6 R8f3 42. Qxc4 R1f2+ 43. Kd1 Rf1+ 44. Ke2 R3f2+ 45. Kd3
Rf3+ 46. Kc2 R1f2+ 47. Kc1 Rf1+ 48. Kd2 R3f2+ 49. Kd3 Rf3+ 50. Kc2 1/2-1/2

[Event "34. Kieler Open 2022"]
[Site "Kiel"]
[Date "2022.08.03"]
[Round "7.28"]
[White "Lehmann, Simon"]
[Black "Doeserich, Juergen"]
[Result "1/2-1/2"]
[WhiteElo "1531"]
[BlackElo "1945"]
[PlyCount "82"]
[EventDate "2022.??.??"]

1. c4 e5 2. Nc3 Nc6 3. Nf3 f5 4. d3 Nf6 5. g3 Bb4 6. Bd2 a5 7. a3 Bc5 8. Bg2
O-O 9. O-O d6 10. b3 Bd7 11. e3 Qe8 12. Nb5 Bb6 13. d4 e4 14. Ne1 Nd8 15. a4
Nf7 16. Qc1 c6 17. Nxd6 Nxd6 18. c5 Bc7 19. cxd6 Bxd6 20. Nc2 Nd5 21. Qe1 b6
22. b4 axb4 23. Nxb4 Nxb4 24. Bxb4 c5 25. dxc5 bxc5 26. Qd2 Qe6 27. Ba5 Be5 28.
Bb6 Bxa1 29. Rxa1 Qxb6 30. Qxd7 Rad8 31. Qe7 Rfe8 32. Qg5 Qb2 33. Rf1 Qe5 34.
g4 fxg4 35. Qxg4 Rd6 36. f4 Qc3 37. Qh3 Rd3 38. Bxe4 Rxe4 39. Qc8+ Kf7 40. Qf5+
Kg8 41. Qc8+ Kf7 1/2-1/2

[Event "34. Kieler Open 2022"]
[Site "Kiel"]
[Date "2022.08.03"]
[Round "7.29"]
[White "Malinowsky, Lars"]
[Black "Quiring, Nikolai"]
[Result "0-1"]
[WhiteElo "1525"]
[BlackElo "1915"]
[PlyCount "50"]
[EventDate "2022.??.??"]

1. e4 e6 2. Qh5 g6 3. Qf3 Bg7 4. Bc4 Ne7 5. Nc3 O-O 6. d3 c6 7. h4 a5 8. a4 d5
9. exd5 exd5 10. Bb3 Nd7 11. h5 Ne5 12. Qg3 Nf5 13. Qh2 Re8 14. Nce2 Ng4 15.
Qh3 Nd4 16. hxg6 hxg6 17. Qh7+ Kf8 18. Bh6 Nxh6 19. Rxh6 Qg5 20. Rh2 Nxe2 21.
Nxe2 Qe5 22. O-O-O Qxe2 23. Qh4 Qe5 24. Rdh1 Qxb2+ 25. Kd1 Qa1+ 0-1

[Event "34. Kieler Open 2022"]
[Site "Kiel"]
[Date "2022.08.03"]
[Round "7.30"]
[White "Mueller, Cosima"]
[Black "Walther, Joachim"]
[Result "1-0"]
[WhiteElo "1340"]
[BlackElo "1910"]
[PlyCount "101"]
[EventDate "2022.??.??"]

1. e4 e5 2. Nf3 Nf6 3. Nc3 Nc6 4. Bb5 Nd4 5. O-O Nxb5 6. Nxb5 c6 7. Nc3 d6 8.
d4 Qc7 9. Bg5 Be7 10. Qe2 Bg4 11. dxe5 dxe5 12. Qe3 h6 13. Bh4 O-O 14. Rad1 b6
15. Rd3 Rad8 16. Bg3 Bxf3 17. Qxf3 Rxd3 18. Qxd3 Nh5 19. Ne2 Nxg3 20. Nxg3 Rd8
21. Qc3 g6 22. Ne2 a5 23. a3 Bc5 24. Kh1 Qe7 25. Ng1 Rd4 26. Re1 Qd6 27. Nf3
Rd1 28. Kg1 f6 29. g3 Kg7 30. Kg2 Rxe1 31. Nxe1 Bd4 32. Qd3 Qc5 33. c3 Bxf2 34.
Qd7+ Kf8 35. Nd3 Qe7 36. Qxe7+ Kxe7 37. Kxf2 h5 38. Kf3 Ke6 39. Ke3 f5 40. h4
Kd6 41. b3 Ke6 42. Nb2 b5 43. c4 Kf6 44. cxb5 cxb5 45. a4 bxa4 46. bxa4 g5 47.
exf5 gxh4 48. gxh4 Kxf5 49. Nc4 Kg4 50. Nxa5 Kxh4 51. Nc4 1-0

[Event "34. Kieler Open 2022"]
[Site "Kiel"]
[Date "2022.08.03"]
[Round "7.31"]
[White "Shtompel, Yuriy"]
[Black "Suhr, Michael"]
[Result "1-0"]
[WhiteElo "1897"]
[BlackElo "1672"]
[PlyCount "49"]
[EventDate "2022.??.??"]

1. e4 e5 2. Nf3 Nc6 3. Bc4 Bc5 4. d3 h6 5. O-O Nge7 6. h3 d6 7. c3 Be6 8. Bxe6
fxe6 9. d4 exd4 10. cxd4 Bb6 11. d5 exd5 12. exd5 Ne5 13. Nxe5 dxe5 14. Qh5+
Kf8 15. Nc3 Bd4 16. Be3 Kg8 17. Rad1 c5 18. dxc6 Nxc6 19. Bxd4 exd4 20. Ne2 d3
21. Nf4 d2 22. Qb5 Qg5 23. Qxb7 Kh7 24. Ne6 Ne7 25. Nxg5+ 1-0

[Event "34. Kieler Open 2022"]
[Site "Kiel"]
[Date "2022.08.03"]
[Round "7.32"]
[White "Schmidt, Peter"]
[Black "Wartenberg, Alissa"]
[Result "1-0"]
[WhiteElo "1877"]
[BlackElo "1632"]
[PlyCount "63"]
[EventDate "2022.??.??"]

1. e4 c5 2. Nf3 Nc6 3. d4 cxd4 4. c3 dxc3 5. Nxc3 d6 6. Bc4 Nf6 7. e5 dxe5 8.
Qxd8+ Kxd8 9. Ng5 Na5 10. Bxf7 h6 11. Nf3 Nc6 12. Be3 e6 13. O-O-O+ Ke7 14. Bg6
b6 15. Nb5 Nd5 16. Be4 Nxe3 17. fxe3 Bb7 18. Nd6 Rb8 19. Nxb7 Rxb7 20. Nxe5
Nxe5 21. Bxb7 Ng4 22. Rd2 Nxe3 23. Re1 Nf5 24. Bc8 g6 25. Bxe6 Kf6 26. Bxf5
gxf5 27. Rf1 Bc5 28. Rd5 Be3+ 29. Kc2 f4 30. g3 Ke6 31. Rh5 fxg3 32. Re1 1-0

[Event "34. Kieler Open 2022"]
[Site "Kiel"]
[Date "2022.08.03"]
[Round "7.33"]
[White "Ziaeian, Shahin"]
[Black "Saar, Christian"]
[Result "1/2-1/2"]
[WhiteElo "1877"]
[BlackElo "1648"]
[PlyCount "50"]
[EventDate "2022.??.??"]

1. d4 d5 2. Nc3 e6 3. Bf4 Bd6 4. Bg3 Bxg3 5. hxg3 Nf6 6. Nf3 Nc6 7. e3 a6 8. a3
Nd7 9. g4 Nb6 10. b3 Bd7 11. Bd3 g6 12. g5 Qe7 13. Be2 O-O-O 14. b4 e5 15. dxe5
Nxe5 16. Nxd5 Nxd5 17. Qxd5 Nxf3+ 18. Qxf3 Bc6 19. Qg4+ Kb8 20. O-O h5 21. Qh4
Rd5 22. g3 Rxg5 23. Rad1 Qe4 24. Qxe4 Bxe4 25. Rd7 Rf5 1/2-1/2

[Event "34. Kieler Open 2022"]
[Site "Kiel"]
[Date "2022.08.03"]
[Round "7.34"]
[White "Link, Oliver"]
[Black "Ahrens, Jan"]
[Result "1-0"]
[WhiteElo "2022"]
[BlackElo "1716"]
[PlyCount "53"]
[EventDate "2022.??.??"]

1. e4 c6 2. c4 d5 3. exd5 cxd5 4. cxd5 Qxd5 5. d4 Nc6 6. Nf3 Bg4 7. Nc3 Qa5 8.
d5 Rd8 9. h3 Be6 10. Bc4 Nf6 11. Bd2 Qc5 12. dxe6 Qxc4 13. exf7+ Qxf7 14. O-O
e5 15. Qa4 Bd6 16. Ng5 Qd7 17. Be3 Bb8 18. Rad1 Nd4 19. Qc4 Qc7 20. Qxc7 Bxc7
21. Bxd4 Rxd4 22. Nb5 Rc4 23. Ne6 Bb6 24. Nd6+ Ke7 25. Nxc4 Kxe6 26. Nxb6 axb6
27. Rfe1 1-0

[Event "34. Kieler Open 2022"]
[Site "Kiel"]
[Date "2022.08.03"]
[Round "7.35"]
[White "Fuhrmann, Åke"]
[Black "Thielemann, Joachim"]
[Result "1-0"]
[WhiteElo "1942"]
[BlackElo "1697"]
[PlyCount "91"]
[EventDate "2022.??.??"]

1. d4 d5 2. c4 Nf6 3. cxd5 Qxd5 4. Nc3 Qd8 5. Nf3 e6 6. Bg5 Be7 7. e3 O-O 8.
Bc4 c6 9. O-O Nbd7 10. Qe2 Nd5 11. Bxe7 Qxe7 12. e4 Nf4 13. Qe3 Ng6 14. Rfd1
Nb6 15. Bb3 Qc7 16. Rac1 Qf4 17. Qxf4 Nxf4 18. a4 a5 19. Ne5 Rd8 20. f3 Bd7 21.
g3 Ng6 22. Nd3 Be8 23. Ne2 Nd7 24. d5 exd5 25. exd5 Nde5 26. Nxe5 Nxe5 27. f4
Ng6 28. d6 Bd7 29. Nc3 Re8 30. Kf2 Rad8 31. Re1 Bf5 32. Rxe8+ Rxe8 33. Ne2 Rd8
34. Rc5 Bd3 35. Rxa5 Bxe2 36. Kxe2 Rxd6 37. Ra7 Rd7 38. a5 Nf8 39. f5 h5 40.
Ke3 g5 41. Ra8 Rd6 42. Rb8 Rf6 43. Ke4 Kg7 44. Rxb7 g4 45. a6 c5 46. Bc4 1-0

[Event "34. Kieler Open 2022"]
[Site "Kiel"]
[Date "2022.08.03"]
[Round "7.36"]
[White "Zimmermann, Manfred"]
[Black "Vollbehr, Bjarne"]
[Result "1/2-1/2"]
[WhiteElo "1933"]
[BlackElo "1654"]
[PlyCount "70"]
[EventDate "2022.??.??"]

1. Nf3 Nf6 2. d4 g6 3. e3 Bg7 4. Nbd2 d5 5. Be2 O-O 6. b3 c5 7. Bb2 Ne4 8. O-O
Nc6 9. c3 b6 10. Nxe4 dxe4 11. Ng5 e5 12. Nxe4 exd4 13. cxd4 Bb7 14. Bf3 cxd4
15. exd4 Nxd4 16. Bxd4 Qxd4 17. Qxd4 Bxd4 18. Rad1 Bxe4 19. Bxe4 Rad8 20. Bd3
Rd6 21. g3 Rfd8 22. Be2 b5 23. Kg2 b4 24. h4 h5 25. Bc4 Bc3 26. Be2 Rd2 27. Bf3
f5 28. Rfe1 Kf7 29. Rxd2 Rxd2 30. Re2 Rd6 31. Rc2 Ke6 32. Be2 f4 33. Bc4+ Kf5
34. Re2 fxg3 35. fxg3 Rd2 1/2-1/2

[Event "34. Kieler Open 2022"]
[Site "Kiel"]
[Date "2022.08.03"]
[Round "7.37"]
[White "Hufendiek, Ekkehard"]
[Black "Dittmar, Markus"]
[Result "1-0"]
[WhiteElo "1929"]
[BlackElo "1615"]
[PlyCount "103"]
[EventDate "2022.??.??"]

1. e4 d6 2. d4 Nf6 3. Nc3 g6 4. Bc4 Bg7 5. Qe2 O-O 6. e5 dxe5 7. dxe5 Ne8 8. e6
Bxe6 9. Bxe6 fxe6 10. Qxe6+ Kh8 11. Bg5 Nc6 12. Nf3 Qd6 13. Qe2 e5 14. Ne4 Qd5
15. c3 Nd6 16. Nfd2 h6 17. Bh4 Nf5 18. Nf3 Nxh4 19. Nxh4 Kh7 20. Rd1 Qf7 21.
O-O Rad8 22. Nf3 a5 23. Neg5+ hxg5 24. Nxg5+ Kg8 25. Nxf7 Kxf7 26. Qc4+ Ke7 27.
Qb5 Rxd1 28. Rxd1 Rd8 29. Rxd8 Nxd8 30. Qxa5 b6 31. Qb4+ Kf7 32. g3 Ne6 33. h4
Bf8 34. Qe4 Bd6 35. g4 Nf4 36. h5 gxh5 37. Qh7+ Kf6 38. Qf5+ Kg7 39. gxh5 Kh6
40. a4 Nxh5 41. b4 Nf4 42. a5 bxa5 43. bxa5 Bc5 44. Kf1 Ng6 45. Qc8 Bd6 46. a6
Ne7 47. Qf8+ Kg6 48. Qxe7 Bxe7 49. a7 Bd6 50. a8=Q Kf5 51. Qd5 Kf6 52. c4 1-0

[Event "34. Kieler Open 2022"]
[Site "Kiel"]
[Date "2022.08.03"]
[Round "7.38"]
[White "Steiner, Peter Markus"]
[Black "Peglau, Dora"]
[Result "0-1"]
[WhiteElo "1690"]
[BlackElo "1920"]
[PlyCount "92"]
[EventDate "2022.??.??"]

1. b4 e5 2. Bb2 Bxb4 3. Bxe5 Nf6 4. e3 O-O 5. Nf3 d5 6. Bb2 Re8 7. Be2 c5 8.
O-O Nc6 9. d3 Qe7 10. Nbd2 d4 11. e4 Bd7 12. a3 Ba5 13. Nc4 Bc7 14. a4 Be6 15.
Nfd2 a6 16. a5 Qd8 17. Ba3 Nd7 18. f4 Bxc4 19. Nxc4 Nxa5 20. Nd2 Nc6 21. e5 f6
22. Bh5 g6 23. Qg4 Kf7 24. Rae1 Ncxe5 25. fxe5 Rxe5 26. Rxe5 Bxe5 27. Ne4 Kg7
28. Rf3 Qe7 29. Nxc5 Nxc5 30. Bxc5 Qc7 31. Rh3 f5 32. Qf3 Rc8 33. Qd5 Rd8 34.
Qe6 Qxc5 35. Qb3 gxh5 36. Rxh5 Qd5 37. Qb6 Rd6 38. Qc7+ Rd7 39. Qb6 Qc6 40. Qb3
Qd5 41. Qb6 Qd6 42. Qb3 Qg6 43. Rh3 Qg5 44. Qb1 Re7 45. Qd1 Qg4 46. Qd2 Bf4 0-1

[Event "34. Kieler Open 2022"]
[Site "Kiel"]
[Date "2022.08.03"]
[Round "7.40"]
[White "Strebel, Michael"]
[Black "Korte, Andreas"]
[Result "1-0"]
[WhiteElo "1909"]
[BlackElo "1560"]
[PlyCount "71"]
[EventDate "2022.??.??"]

1. f4 g6 2. Nf3 Bg7 3. g3 Nf6 4. Bg2 d6 5. O-O c6 6. d3 O-O 7. h3 Nbd7 8. e4 a5
9. a4 b5 10. c3 bxa4 11. Qxa4 Qb6+ 12. Nd4 Bb7 13. Kh2 Nc5 14. Qc2 Nfd7 15. Nd2
Ba6 16. Nc4 Bxc4 17. dxc4 e5 18. Nf3 Nb3 19. Rb1 Nxc1 20. Qxc1 Qc5 21. Rd1 Nf6
22. fxe5 dxe5 23. Qc2 Rfd8 24. b4 Qxc4 25. Nxe5 Qe6 26. Nxc6 Rxd1 27. Rxd1 axb4
28. Nxb4 Rc8 29. Nd5 Nxd5 30. exd5 Qe3 31. Rd3 Rxc3 32. Qxc3 Qe2 33. Qd2 Qe8
34. d6 Qd7 35. Qc2 Bf8 36. Bc6 1-0

[Event "34. Kieler Open 2022"]
[Site "Kiel"]
[Date "2022.08.03"]
[Round "7.41"]
[White "Schiller, Thomas"]
[Black "Lutze, Max"]
[Result "1/2-1/2"]
[WhiteElo "1723"]
[BlackElo "1892"]
[PlyCount "131"]
[EventDate "2022.??.??"]

1. e4 c5 2. c3 g6 3. d4 cxd4 4. cxd4 d5 5. e5 Bg7 6. Nf3 Bg4 7. Be2 e6 8. Nc3
Nc6 9. Nb5 Bf8 10. O-O a6 11. Nc3 Bxf3 12. Bxf3 Bg7 13. Re1 Nge7 14. Be3 O-O
15. Qd2 Nf5 16. Rad1 f6 17. exf6 Qxf6 18. Ne2 h6 19. Bg4 g5 20. Bxf5 exf5 21.
f4 g4 22. Nc3 Qd6 23. Bf2 Rae8 24. g3 b5 25. a3 Na5 26. Nxb5 Qb6 27. Nc3 Nc4
28. Qc2 Qxb2 29. Qxb2 Nxb2 30. Rd2 Rxe1+ 31. Bxe1 Nc4 32. Rd1 Rd8 33. a4 Kf7
34. Bf2 Ke6 35. Rb1 Rd7 36. Kg2 Kd6 37. h3 h5 38. hxg4 hxg4 39. Kg1 Kc6 40. Kg2
Nd2 41. Rb2 Nf3 42. a5 Rd6 43. Na4 Bxd4 44. Bxd4 Nxd4 45. Rb6+ Kc7 46. Rb2 Nc6
47. Rc2 d4 48. Nc5 d3 49. Nxa6+ Kd8 50. Rd2 Nxa5 51. Nc5 Nc4 52. Rxd3 Rxd3 53.
Nxd3 Ke7 54. Kf2 Kd6 55. Ke2 Kd5 56. Nb4+ Kc5 57. Nd3+ Kd4 58. Ne1 Ke4 59. Ng2
Nb2 60. Nh4 Na4 61. Kd2 Nc5 62. Ke2 Ne6 63. Ng6 Nd4+ 64. Kf2 Nf3 65. Ne7 Nd4
66. Ng6 1/2-1/2

[Event "34. Kieler Open 2022"]
[Site "Kiel"]
[Date "2022.08.03"]
[Round "7.42"]
[White "Lehrer, Manuel"]
[Black "Akhmatovski, Maxim"]
[Result "0-1"]
[WhiteElo "1551"]
[BlackElo "1842"]
[PlyCount "132"]
[EventDate "2022.??.??"]

1. e4 g6 2. d4 Bg7 3. Nc3 c5 4. dxc5 Bxc3+ 5. bxc3 Nf6 6. Bd3 Qa5 7. Ne2 Qxc5
8. O-O d6 9. Bh6 Nbd7 10. Qd2 b6 11. Be3 Qc7 12. f3 Bb7 13. c4 Ne5 14. Bg5 Nfd7
15. f4 Qc5+ 16. Kh1 Ng4 17. Bh4 f6 18. Rf3 f5 19. Nc3 Ndf6 20. Re1 Kf7 21. h3
h5 22. Rff1 fxe4 23. Nxe4 Nxe4 24. Bxe4 Bxe4 25. Rxe4 Nf6 26. Bxf6 exf6 27.
Rfe1 Rhe8 28. Qd5+ {(=)} Qxd5 29. cxd5 Rxe4 30. Rxe4 Rc8 31. c4 Rc5 32. Re6 b5
33. Rxd6 bxc4 34. Rd7+ Ke8 35. Rb7 c3 36. Rb1 Rxd5 37. Rc1 Rc5 38. Kg1 Kd7 39.
Kf2 Kc6 40. Ke3 c2 41. Kd4 {(=)} Kb5 42. g4 hxg4 43. hxg4 Kb4 44. f5 g5 45. a3+
Kb5 46. Kd3 Ka4 47. Rxc2 Rxc2 48. Kxc2 Kxa3 49. Kd3 Kb4 50. Kd4 a5 51. Kd5 a4
52. Ke6 a3 53. Kxf6 a2 54. Kxg5 a1=Q 55. Kg6 Kc5 56. f6 Kd6 57. g5 Qg1 58. Kf5
Qf2+ 59. Kg6 Qg3 60. Kf5 Qf3+ 61. Kg6 Qg4 62. Kh6 Ke6 63. Kg6 Kd7 64. Kh6 Ke8
65. g6 Kf8 66. g7+ Kf7 0-1

[Event "34. Kieler Open 2022"]
[Site "Kiel"]
[Date "2022.08.03"]
[Round "7.43"]
[White "Roselius, Philipp"]
[Black "Malinowsky, Levi"]
[Result "0-1"]
[WhiteElo "1504"]
[BlackElo "1814"]
[PlyCount "38"]
[EventDate "2022.??.??"]

1. d4 Nf6 2. Nf3 g6 3. e3 Bg7 4. Be2 O-O 5. O-O d5 6. b3 c5 7. Bb2 Ne4 8. c4
dxc4 9. Bxc4 Nc6 10. a3 cxd4 11. Nxd4 Nxd4 12. Bxd4 Bxd4 13. exd4 a6 14. b4 b5
15. Bb3 Bb7 16. f3 Nd6 17. Nc3 Nf5 18. Ne2 Ne3 19. Bxf7+ Rxf7 0-1

[Event "34. Kieler Open 2022"]
[Site "Kiel"]
[Date "2022.08.03"]
[Round "7.44"]
[White "Peglau, Sarah"]
[Black "Salewski, Niko"]
[Result "1-0"]
[WhiteElo "1782"]
[BlackElo "1496"]
[PlyCount "39"]
[EventDate "2022.??.??"]

1. d4 Nf6 2. c4 e6 3. Nf3 d5 4. Nc3 Nbd7 5. Bg5 Be7 6. e3 O-O 7. c5 h6 8. Bf4
Nh5 9. Be5 Bf6 10. g4 Bxe5 11. dxe5 Nxc5 12. gxh5 f6 13. Rg1 Nd7 14. exf6 Qxf6
15. Qd4 e5 16. Qxd5+ Kh8 17. Be2 c6 18. Qe4 Nc5 19. Qxe5 Qxe5 20. Nxe5 1-0

[Event "34. Kieler Open 2022"]
[Site "Kiel"]
[Date "2022.08.03"]
[Round "7.45"]
[White "Riechenberg, Maximilian"]
[Black "Christiansen, Henning"]
[Result "1/2-1/2"]
[WhiteElo "1771"]
[BlackElo "1360"]
[PlyCount "100"]
[EventDate "2022.??.??"]

1. e4 e6 2. d4 d5 3. Nc3 Nf6 4. Bg5 dxe4 5. Nxe4 Be7 6. Bxf6 gxf6 7. Nf3 a6 8.
c4 f5 9. Nc3 c5 10. d5 Bf6 11. Qc2 Qa5 12. Qa4+ Qxa4 13. Nxa4 Nd7 14. O-O-O Rb8
15. Nc3 Nb6 16. g3 Bd7 17. Kc2 Na4 18. Nxa4 Bxa4+ 19. b3 Bd7 20. Bh3 h5 21.
Rhe1 O-O 22. dxe6 Bxe6 23. Ne5 Rfd8 24. f4 Kg7 25. Bg2 Rxd1 26. Rxd1 b5 27. Bd5
Rd8 28. Bxe6 Rxd1 29. Kxd1 Bxe5 30. Bxf5 Bd4 31. Ke2 b4 32. Kf3 Kf6 33. Ke4 Bg1
34. h3 Bh2 35. g4 hxg4 36. hxg4 Ke7 37. Kd5 Bg1 38. Kc6 Be3 39. Kb6 Kd6 40.
Kxa6 Bxf4 41. Kb5 f6 42. Ka4 Bd2 43. a3 Bc3 44. axb4 Bxb4 45. Kb5 Ba3 46. Kb6
Bb4 47. Kb7 Ke5 48. Kc6 Ba3 49. Kd7 Bb4 50. Kc6 Ba3 1/2-1/2

[Event "34. Kieler Open 2022"]
[Site "Kiel"]
[Date "2022.08.03"]
[Round "7.46"]
[White "Buck, Lars"]
[Black "Rohmann, Volker"]
[Result "1/2-1/2"]
[WhiteElo "1322"]
[BlackElo "1746"]
[PlyCount "93"]
[EventDate "2022.??.??"]

1. d4 d5 2. Nf3 Nf6 3. g3 c6 4. Bg2 Bf5 5. c4 e6 6. Nc3 Nbd7 7. Qb3 Qb6 8. c5
Qxb3 9. axb3 Be7 10. b4 Ne4 11. Nd2 Nxc3 12. bxc3 O-O 13. h3 Nf6 14. g4 Bg6 15.
c4 h6 16. O-O a6 17. Nb3 Rad8 18. Be3 Ne4 19. Na5 Rd7 20. cxd5 exd5 21. Bf4 Nc3
22. Bf3 Re8 23. e3 Bf6 24. Bg3 Ne4 25. Bh2 Nd2 26. Be2 Nxf1 27. Bxf1 Bh4 28.
Be2 Be4 29. Nb3 Bh7 30. Nd2 f5 31. Nf3 Bf6 32. Ne5 Rde7 33. Bg3 Bxe5 34. Bxe5
Rxe5 35. dxe5 Rxe5 36. Bf3 Kf7 37. Kg2 Kf6 38. Rd1 fxg4 39. hxg4 Be4 40. Bxe4
Rxe4 41. Rd4 g6 42. Kf3 Rxd4 43. exd4 Kg5 44. Kg3 Kf6 45. f3 Ke6 46. Kf4 Kf6
47. Kg3 1/2-1/2

[Event "34. Kieler Open 2022"]
[Site "Kiel"]
[Date "2022.08.03"]
[Round "7.47"]
[White "Klaeke, Gregor"]
[Black "Christensen, Andreas"]
[Result "0-1"]
[WhiteElo "1534"]
[BlackElo "1901"]
[PlyCount "64"]
[EventDate "2022.??.??"]

1. e4 c6 2. b3 d5 3. exd5 cxd5 4. Nf3 Bg4 5. Be2 Nc6 6. h3 Bh5 7. Nc3 e5 8. d3
Bb4 9. Bd2 f6 10. a3 Ba5 11. Na4 Nge7 12. O-O O-O 13. c3 Bf7 14. b4 Bc7 15. Nc5
b6 16. Nb3 Be6 17. Nh2 Qd6 18. f4 e4 19. Qe1 d4 20. Nxd4 Nxd4 21. cxd4 Qxd4+
22. Qf2 Qxf2+ 23. Rxf2 Rad8 24. Bf1 exd3 25. Re1 Kf7 26. Rf3 Bc4 27. Ng4 b5 28.
Nf2 Bb6 29. Kh1 Bxf2 30. Rxf2 Nf5 31. Kh2 Rd7 32. Be2 dxe2 0-1

[Event "34. Kieler Open 2022"]
[Site "Kiel"]
[Date "2022.08.03"]
[Round "7.48"]
[White "Schirmag, Wolfgang"]
[Black "Dau-Schmidt, Piet"]
[Result "1-0"]
[WhiteElo "1748"]
[BlackElo "1445"]
[PlyCount "37"]
[EventDate "2022.??.??"]

1. d4 Nf6 2. Nf3 e6 3. e3 d5 4. Bd3 Nbd7 5. Nbd2 b6 6. b3 Bb7 7. Bb2 Be7 8. O-O
O-O 9. Ne5 Nxe5 10. dxe5 Nd7 11. Qh5 h6 12. Rad1 Nc5 13. Be2 Ba6 14. c4 c6 15.
f4 Qc7 16. Rf3 dxc4 17. Rg3 Kh7 18. bxc4 f6 19. Qg6+ 1-0

[Event "34. Kieler Open 2022"]
[Site "Kiel"]
[Date "2022.08.03"]
[Round "7.49"]
[White "Behrendt, Matthias"]
[Black "Ruhberg, Hartwig"]
[Result "0-1"]
[WhiteElo "1701"]
[BlackElo "1474"]
[PlyCount "93"]
[EventDate "2022.??.??"]

1. d4 d5 2. c4 dxc4 3. Nc3 c6 4. a4 a6 5. e3 Be6 6. Nf3 Nd7 7. a5 h6 8. Nd2 b5
9. axb6 Nxb6 10. Nce4 Bd5 11. Nc3 Nf6 12. e4 Be6 13. e5 Nfd5 14. Nce4 Nc7 15.
Nf3 f5 16. exf6 exf6 17. Bd2 Be7 18. Ba5 Rb8 19. Be2 O-O 20. O-O Re8 21. Qc2
Qd5 22. Rfe1 Bf5 23. Nfd2 Qxd4 24. Bxb6 Rxb6 25. Bxc4+ Kh8 26. b3 Bb4 27. Rad1
Bxd2 28. Qxd2 Qxd2 29. Nxd2 c5 30. Nf1 Bc2 31. Rxe8+ Nxe8 32. Rd7 Nd6 33. Nd2
Nxc4 34. bxc4 a5 35. f3 a4 36. Ra7 Rb2 37. Kf2 Bb3 38. Ke3 Rc2 39. Kd3 Ra2 40.
h4 g5 41. h5 Ra1 42. Ra5 Rd1 43. Rxc5 a3 44. Kc3 Ba4 45. Nb3 a2 46. Na1 Rxa1
47. Kb2 0-1

[Event "34. Kieler Open 2022"]
[Site "Kiel"]
[Date "2022.08.03"]
[Round "7.50"]
[White "Dawidzinski, Jan"]
[Black "Ahrens, Gunnar"]
[Result "1-0"]
[WhiteElo "1539"]
[BlackElo "1677"]
[PlyCount "87"]
[EventDate "2022.??.??"]

1. d4 g6 2. c4 Bg7 3. Nc3 d6 4. e4 e6 5. Be2 Ne7 6. Bg5 Nd7 7. Qd2 h5 8. Nf3 f6
9. Be3 b6 10. d5 e5 11. b4 a5 12. b5 g5 13. h3 Ng6 14. g3 Nc5 15. Qd1 h4 16.
gxh4 Nxh4 17. Nxh4 Rxh4 18. Bh5+ Kf8 19. Qf3 Nd3+ 20. Kd2 Nf4 21. Bg4 Bd7 22.
Ne2 Qc8 23. Bxd7 Qxd7 24. Ng3 Kf7 25. Nf5 Rh7 26. h4 gxh4 27. Bxf4 exf4 28.
Qxf4 Rah8 29. Rag1 Bf8 30. Qg4 Ke8 31. Rh2 h3 32. Rg3 Kd8 33. Rhxh3 Rxh3 34.
Rxh3 Rxh3 35. Qxh3 Kc8 36. Qh8 Qd8 37. Qg8 Qe8 38. Qe6+ Qxe6 39. dxe6 Kd8 40.
Kd3 Ke8 41. Kd4 Be7 42. Kd5 Bf8 43. Kc6 Kd8 44. e7+ 1-0

[Event "34. Kieler Open 2022"]
[Site "Kiel"]
[Date "2022.08.03"]
[Round "7.51"]
[White "Borgert, Alexander"]
[Black "Schmieder, Kerstin"]
[Result "1-0"]
[WhiteElo "1477"]
[BlackElo "1672"]
[PlyCount "111"]
[EventDate "2022.??.??"]

1. d4 d5 2. c4 Nf6 3. cxd5 Nxd5 4. e4 Nf6 5. Nc3 e6 6. Bg5 Be7 7. Nf3 Bd7 8.
Bd3 h6 9. Bxf6 gxf6 10. Rc1 Nc6 11. d5 Ne5 12. Nxe5 fxe5 13. dxe6 Bxe6 14. Bb5+
c6 15. Qxd8+ Rxd8 16. Be2 Rg8 17. g3 Rd4 18. a3 Bb3 19. Bd1 Be6 20. Be2 Bg5 21.
Rd1 Bb3 22. Rxd4 exd4 23. Nd1 Bc2 24. f4 Be7 25. Bf3 c5 26. Kd2 Ba4 27. e5 b6
28. Bd5 Bd7 29. Re1 Be6 30. Bxe6 fxe6 31. Nf2 Kf7 32. Ne4 h5 33. Rf1 Kg6 34.
Kd3 Kf5 35. h3 b5 36. g4+ hxg4 37. Ng3+ Kg6 38. hxg4 Kf7 39. g5 Bd8 40. Rh1 Bb6
41. Rh7+ Rg7 42. Rxg7+ Kxg7 43. b3 Kg6 44. a4 a6 45. axb5 axb5 46. Ne4 Bd8 47.
Nxc5 Kf5 48. Kxd4 Bb6 49. b4 Kxf4 50. g6 Bxc5+ 51. Kxc5 Kxe5 52. g7 Kf4 53.
g8=Q e5 54. Qf7+ Ke4 55. Qf2 Kd3 56. Qf3+ 1-0

[Event "34. Kieler Open 2022"]
[Site "Kiel"]
[Date "2022.08.03"]
[Round "7.52"]
[White "Cordts, Elof"]
[Black "Burbach, Bruno"]
[Result "1-0"]
[WhiteElo "1662"]
[BlackElo "1417"]
[PlyCount "143"]
[EventDate "2022.??.??"]

1. e4 b6 2. d4 Bb7 3. Bd3 e6 4. Nc3 Bb4 5. Bd2 f5 6. Nge2 fxe4 7. Bxe4 Bxe4 8.
Nxe4 Bxd2+ 9. Nxd2 Nf6 10. Ng3 Nc6 11. Nf3 Qe7 12. c3 O-O 13. O-O Qf7 14. Qd3
Ne7 15. c4 Qg6 16. Rad1 Qxd3 17. Rxd3 Ng6 18. Re1 Rae8 19. h3 Re7 20. b4 h6 21.
Ra3 Ra8 22. b5 d6 23. Ree3 Nd7 24. c5 bxc5 25. dxc5 Nxc5 26. Nd4 Ne5 27. Rec3
Rf7 28. Rc2 Rf4 29. Nge2 Rf7 30. f4 Ng6 31. g3 e5 32. f5 Ne7 33. Ne6 Nxe6 34.
fxe6 Rf6 35. Rxc7 Rxe6 36. Raxa7 Rxa7 37. Rxa7 d5 38. b6 Nc6 39. Rc7 Kf8 40. b7
Nb8 41. Nc3 d4 42. Ne4 Na6 43. Rc8+ Kf7 44. b8=Q Nxb8 45. Rxb8 Ra6 46. Rb2 Ra3
47. Kf2 Ke6 48. Nd2 Kd5 49. Nb1 Re3 50. a4 e4 51. a5 Rf3+ 52. Kg2 Rf6 53. Ra2
Ra6 54. Ra4 e3 55. Kf3 Rf6+ 56. Ke2 Rf2+ 57. Kd3 Rb2 58. Rxd4+ Kc5 59. Rc4+ Kb5
60. Nc3+ Kxa5 61. Kxe3 Rb3 62. h4 Kb6 63. Kf4 Kb7 64. Ne4 Rb6 65. h5 g5+ 66.
Nxg5 Rb5 67. Ne4 Rxh5 68. Rc5 Rh1 69. Kg4 Re1 70. Nf2 Re6 71. Rh5 Rg6+ 72. Kh4
1-0

[Event "34. Kieler Open 2022"]
[Site "Kiel"]
[Date "2022.08.03"]
[Round "7.53"]
[White "Allen, Phillipp"]
[Black "Braun, Julian"]
[Result "1/2-1/2"]
[WhiteElo "1312"]
[BlackElo "1656"]
[PlyCount "49"]
[EventDate "2022.??.??"]

1. e4 e5 2. Nf3 Nc6 3. Bb5 a6 4. Ba4 Nf6 5. d3 d6 6. c3 g6 7. O-O Bg7 8. Re1
O-O 9. Nbd2 b5 10. Bc2 Re8 11. Nf1 Bb7 12. Ng3 Nb8 13. d4 Nbd7 14. Bg5 h6 15.
Bd2 exd4 16. cxd4 c5 17. d5 Qb6 18. Qc1 Kh7 19. h4 h5 20. Ng5+ Kg8 21. Nh3 Ng4
22. Nf1 Ndf6 23. f3 Ne5 24. Bh6 Bc8 25. Bxg7 1/2-1/2